Personnages de Demon Slayer - Statistiques

Statistiques générales
  • Ce quiz a été pris 202 fois
  • Le résultat moyen est 29 sur 59
Statistiques - réponses
Hint Réponse % Correct
Chasseur de DémonsSouffle de la Foudre Agatsuma Zenitsu
99%
DémonSœur du Précédent Kamado Nezuko
99%
Personnage PrincipaleChasseur de Démons
Démon Temporaire
Kamado Tanjiro
99%
Chausseur de DémonsSouffle de la Bete Hashibira Inosuke
96%
Ancien Chasseur de DémonsAncien Pilier du Son Uzui Tengen
86%
Chasseur de DémonsPilier de l'Amour Kanroji Mitsuri
83%
Chasseur de DémonsPilier de l'éau Tomioka Giyu
82%
Chasseur de Démons Ancien Pilier de l'InsecteSœur de le Prochaine Kocho Shinobu
81%
Chasseur de DémonsSouffle de la Fleure Tsuyuri Kanao
80%
1er DémonChef des 12 Lunes Démoniaques Kibutsuji Muzan
79%
3ème Lune Supérieure Akaza
78%
Chasseur de DémonsPilier du Vent Shinazugawa Sanemi
78%
Chasseur de DémonsPilier du Serpent Iguro Obanai
77%
Chasseur de DémonsTransformation Démoniaque Frère du Pilier du Vent Shinazugawa Genya
77%
Chasseur de DémonsPilier de la Brume Frère du Prochain Tokito Muichiro
74%
Chasseur de DémonsAncien Pilier de la Fleure Sœur de la Précédente Kocho Kanae
73%
Chasseur de DémonsPilier de la Roche Himejima Gyomei
71%
2ème Lune Supérieure Doma
70%
1ere Lune Rang Supérieure
Anciennement Tsugikuni Michikatsu
Ancien Chasseur de Démons
Kokushibo
65%
Ancienne 6ème Lune SupérieureSœur du précédent Daki
61%
Chasseur de DémonsAncien Pilier de la Flame Rengoku Kyojuro
60%
DémonDocteur Tamayo
59%
Ancien Chasseur de DémonsAncien Pilier de l'éau Urokodaki Sakonji
59%
Ancienne 6ème Lune SupérieureFrère de la prochaine Gyutaro
54%
Elève de l'Ancier Pilier de l'eau Sabito
54%
Ancien Chef des Chasseur de DémonsPère du Prochain Ubuyashiki Kagaya
54%
Ancien Chasseur de DémonsSouffle du Soleil Tsugikuni Yoriichi
48%
Ancienne 4ème Lune Supérieure Hantengu
47%
1ere Lune Inferieure Enmu
46%
Elève de l'Ancien Pilier de l'eau Makomo
44%
5ème Lune Inferieure Rui
44%
Epouse du PrécédentMère du Prochain Ubuyashiki Amane
44%
Membre du Manoir des PapillonsChasseur de Démons Kanzaki Aoi
43%
Assistant de la PrécédenteDémon Yushiro
43%
Frère du Précédent Tokito Yuichiro
42%
5ème Lune Supérieure Gyokko
41%
ForgeronMembre du Village des Forgerons Haganezuka Hotaru
41%
4ème Lune Supérieure Nakime
41%
Ancien Chasseur de DémonsAncien Pilier de la Flame Rengoku Shinjuro
40%
6ème Lune SupérieureAncien Chasseur de Démons Souffle de la Foudre Kaigaku
36%
Epouse de l'Ancien Pilier du Son Suma
30%
Ancien Chasseur de DémonsAncien Pilier de la Foudre Kuwajima Jigoro
29%
Epouse de l'Ancien Pilier du Son Hinatsuru
26%
Epouse de l'Ancien Pilier du Son Makio
26%
Chausseur de DémonsVu sur Mont Natagumo Murata
24%
La Haine de l'Ancienne 4ème Lune Supérieure Zohakuten
19%
Membre du Manoir des PapillonsServante Nakahara Sumi
18%
Membre du Village des Forgerons Kotetsu
16%
Membre du Manoir des PapillonsServante Takada Naho
16%
Chef des Chasseurs de Démons Fils des Deux Précédent Ubuyashiki Kiriya
15%
La Colère de l'Ancienne 4ème LuneSupérieure Sekido
14%
Membre du Manoir des PapillonsServante Terauchi Kiyo
14%
La Joie de l'Ancienne 4ème Lune Supérieure Urogi
14%
La Tristesse de l'Ancienne 4ème LuneSupérieure Aizetsu
13%
Le Plaisir de l'Ancienne 4ème LuneSupérieure Karaku
12%
Membre des Chasseur de DémonsDivision Kakushi (Brigade de Nettoyage) Goto
11%
Chef du Village des ForgeronsForgeron Tecchikawahara Tecchin
8%
La Rancœur de l'Ancienne 4ème LuneSupérieure Urami
7%
ForgeronMembre du Village des Forgerons Kanamori Kozo
6%
Aucun quiz correspondant
Distribution des résultats
% des personnes avec chaque résultat
Percentile par nombre de réponses
Votre historique - résultats
Vous n’avez pas pris ce quiz